Historický vývoj ekonomiky Uruguaja

Vyhodnotenie špecifík spoločenského vývoja na území Uruguajskej východnej republiky po jej kolonizácii a získaní nezávislosti až do konca 20. storočia. V histórii svetovej ekonomiky zaznamenal tento štát s obmedzeným ekonomickým potenciálom pozoruhodný vývoj. Priaznivé vnútorné podmienky a vonkajšie...

ver descrição completa

Na minha lista:
Detalhes bibliográficos
Autor principal: Lipková, Ľudmila
Formato: Capítulo de Livro
Idioma:eslovaco
Assuntos:
Tags: Adicionar Tag
Sem tags, seja o primeiro a adicionar uma tag!

MARC

LEADER 00000naa a2200000 4500
001 0268972
005 20240502074220.3
041 0 |a slo 
044 |a SK 
245 1 0 |a Historický vývoj ekonomiky Uruguaja  |c Ľudmila Lipková 
520 |a Vyhodnotenie špecifík spoločenského vývoja na území Uruguajskej východnej republiky po jej kolonizácii a získaní nezávislosti až do konca 20. storočia. V histórii svetovej ekonomiky zaznamenal tento štát s obmedzeným ekonomickým potenciálom pozoruhodný vývoj. Priaznivé vnútorné podmienky a vonkajšie faktory viedli k prosperite Uruguaja už od konca 19. storočia. Blahobyt krajiny bol založený najmä na chove hovädzieho dobytka a jeho exporte. Do konca 20. storočia sa striedali v Uruguaji nielen obdobia ekonomickej prosperity a krízy, ale aj obdobia demokratických vlád a vojenských diktatúr. 
610 2 0 |a Uruguaj 
610 2 0 |a poľnohospodárstvo 
610 2 0 |a prosperita ekonomická 
610 2 0 |a demokracia 
100 1 |a Lipková, Ľudmila